VÝZNAM MODLITBY PANE, ZMILUJ SA

Bibliographic Details
Main Author: Petraško, Vladimír (Author)
Format: Article
Language:Slovak

MARC

LEADER 00000nab a2200000uu 4500
001 vtls011478183
003 SK-MaSNL
005 20260303160004.0
008 230222|1993 xo |||||||||||||||||slo|
015 |a SNBRB 
035 |a (urnnbn)urn:nbn:sk:snk:ar-005pw9 
035 |a (uuid)5c82b421-46fe-4fcf-9df3-37edf1346a58 
035 |a urn:nbn:sk:snk-abd69k 
040 |a SNKBUCL  |b slo  |c SNKBUCL  |e AACR2 
041 0 |a slo 
044 |a xo  |c SK 
100 1 |a Petraško, Vladimír  |4 aut  |9 1176769 
245 1 0 |a VÝZNAM MODLITBY PANE, ZMILUJ SA  |c Vladimír Petraško 
773 0 |t Slovo : časopis gréckokatolíckej cirkvi  |g Roč. 25, č. 14 (1993), s. 5 
954 |a odborná, vedecká literatúra pôvodná (slovenská)  |2 lita 
958 |a OND 
958 |a EUIPO 
958 |a article18 
999 |c 2043713  |d 2045643